| 000 | 00677nam a2200241 a 4500 | ||
|---|---|---|---|
| 001 | BRCA_799 | ||
| 005 | 20190320203145.0 | ||
| 008 | 060508s1982----sp-a---###---#000-0#spa-# | ||
| 020 | _a8434578913 | ||
| 041 | _asp | ||
| 044 | _aspa | ||
| 050 | 4 |
_aTT145 _b.A78 1982 |
|
| 245 | 1 | 0 |
_aLa artesanía en la sociedad actual _cC. Laorden ... [et al.]. |
| 260 |
_aBarcelona _bSalvat _c1982 |
||
| 300 |
_a64 p. _bil. a color _c19 cm. |
||
| 440 | 0 |
_aColección Salvat Temas clave _v90 _92657 |
|
| 504 | _aBibliografía : p. 64 | ||
| 650 | 1 | 4 |
_aArtes decorativas _91921 |
| 650 | 1 | 4 |
_aArte y sociedad _91426 |
| 650 | 1 | 4 |
_aArtesanías _92658 |
| 700 | 1 |
_aLaorden, C. _92659 |
|
| 942 |
_2lcc _cB |
||
| 999 |
_c695 _d695 |
||